000 00249nam a2200085Ia 4500
245 0 _aSecrets about men every woman should know
100 _a DE ANGELIS, Barbara London, 2003
_979779
942 _cBK
008 210817s9999 xx 000 0 und d
999 _c278841
_d278840